Manufacturing Systems Design and Analysis (Record no. 60219)

000 -LEADER
fixed length control field 00679nam a22002057a 4500
003 - CONTROL NUMBER IDENTIFIER
control field NUST-PNEC
005 - DATE AND TIME OF LATEST TRANSACTION
control field 20170114142547.0
008 - FIXED-LENGTH DATA ELEMENTS--GENERAL INFORMATION
fixed length control field 140717b xxu||||| |||| 00| 0 eng d
020 ## - INTERNATIONAL STANDARD BOOK NUMBER
International Standard Book Number 041258140X
040 ## - CATALOGING SOURCE
Transcribing agency PNEC
082 ## - DEWEY DECIMAL CLASSIFICATION NUMBER
Classification number 670.285 WU
100 ## - MAIN ENTRY--PERSONAL NAME
9 (RLIN) 175
Personal name Wu Bin
245 ## - TITLE STATEMENT
Title Manufacturing Systems Design and Analysis
Statement of responsibility, etc. Bin Wu
250 ## - EDITION STATEMENT
Edition statement 2nd ed.
260 ## - PUBLICATION, DISTRIBUTION, ETC.
Place of publication, distribution, etc. London
Name of publisher, distributor, etc. Chapman & Hall
Date of publication, distribution, etc. c.1994
300 ## - PHYSICAL DESCRIPTION
Extent 467 p.
Other physical details ill. :
500 ## - GENERAL NOTE
General note http://www.amazon.com/Manufacturing-Systems-Analysis-Context-Techniques/dp/041258140X/ref=sr_1_sc_2?s=books&ie=UTF8&qid=1405588443&sr=1-2-spell&keywords=manufecturing+system+design+and+analysis
650 ## - SUBJECT ADDED ENTRY--TOPICAL TERM
General subdivision ME
942 ## - ADDED ENTRY ELEMENTS (KOHA)
Source of classification or shelving scheme
Koha item type Book
Holdings
Withdrawn status Lost status Source of classification or shelving scheme Damaged status Not for loan Permanent Location Current Location Date acquired Source of acquisition Cost, normal purchase price Total Checkouts Full call number Barcode Date last seen Cost, replacement price Price effective from Koha item type
          Pakistan Navy Engineering College (PNEC) Pakistan Navy Engineering College (PNEC) 11/28/2008 Younus Book Center 425.00   670.285 WU PNECBB-007006 07/17/2014 425.00 11/28/2008 Book
          Pakistan Navy Engineering College (PNEC) Pakistan Navy Engineering College (PNEC) 11/28/2008 Younus Book Center 425.00   670.285 WU PNECBB-007007 07/17/2014 425.00 11/28/2008 Book
          Pakistan Navy Engineering College (PNEC) Pakistan Navy Engineering College (PNEC) 11/28/2008 Younus Book Center 425.00   670.285 WU PNECBB-007008 07/17/2014 425.00 11/28/2008 Book
          Pakistan Navy Engineering College (PNEC) Pakistan Navy Engineering College (PNEC) 11/28/2008 Younus Book Center 425.00   670.285 WU PNECBB-007009 07/17/2014 425.00 11/28/2008 Book
          Pakistan Navy Engineering College (PNEC) Pakistan Navy Engineering College (PNEC) 11/28/2008 Younus Book Center 425.00   670.285 WU PNECBB-007010 07/17/2014 425.00 11/28/2008 Book
          Pakistan Navy Engineering College (PNEC) Pakistan Navy Engineering College (PNEC) 11/28/2008 Younus Book Center 425.00   670.285 WU PNECBB-007011 07/17/2014 425.00 11/28/2008 Book
          Pakistan Navy Engineering College (PNEC) Pakistan Navy Engineering College (PNEC) 11/28/2008 Younus Book Center 425.00   670.285 WU PNECBB-007012 07/17/2014 425.00 11/28/2008 Book
          Pakistan Navy Engineering College (PNEC) Pakistan Navy Engineering College (PNEC) 11/28/2008 Younus Book Center 425.00   670.285 WU PNECBB-007013 07/17/2014 425.00 11/28/2008 Book
© 2023 Central Library, National University of Sciences and Technology. All Rights Reserved.